[Event "EYCC 2024 - G16"]
[Site "?"]
[Date "2024.08.25"]
[Round "4.1"]
[White "Jankovic, Tamara"]
[Black "Bat, Anu"]
[Result "1/2-1/2"]
[BlackElo "1948"]
[WhiteElo "1877"]
[LiveChessVersion "1.4.8"]

1. e4 {[%clk 1:30:56]} c5 {[%clk 1:30:55]} 2. Nf3 {[%clk 1:31:20]} e6
{[%clk 1:31:19]} 3. c4 {[%clk 1:31:46]} Nc6 {[%clk 1:31:41]} 4. Be2
{[%clk 1:32:09]} Nd4 {[%clk 1:31:58]} 5. O-O {[%clk 1:28:25]} Ne7
{[%clk 1:31:34]} 6. Nxd4 {[%clk 1:28:20]} cxd4 {[%clk 1:31:53]} 7. d3
{[%clk 1:28:45]} Nc6 {[%clk 1:31:14]} 8. f4 {[%clk 1:28:39]} Be7 {[%clk 1:27:40]}
9. Nd2 {[%clk 1:27:34]} d6 {[%clk 1:24:05]} 10. Nf3 {[%clk 1:26:41]} O-O
{[%clk 1:21:31]} 11. Qe1 {[%clk 1:25:52]} f5 {[%clk 1:19:06]} 12. exf5
{[%clk 1:22:13]} exf5 {[%clk 1:11:52]} 13. b4 {[%clk 1:20:34]} d5
{[%clk 1:02:35]} 14. c5 {[%clk 1:16:54]} b5 {[%clk 0:56:54]} 15. Ne5
{[%clk 1:11:40]} Nxe5 {[%clk 0:46:28]} 16. fxe5 {[%clk 1:12:09]} a5
{[%clk 0:46:11]} 17. Bb2 {[%clk 1:05:37]} axb4 {[%clk 0:45:59]} 18. Qxb4
{[%clk 0:58:38]} Ra4 {[%clk 0:33:18]} 19. Qxb5 {[%clk 0:53:23]} Ra5
{[%clk 0:33:38]} 20. Qb6 {[%clk 0:45:08]} Bxc5 {[%clk 0:33:23]} 21. Qxd8
{[%clk 0:45:36]} Rxd8 {[%clk 0:33:44]} 22. Bd1 {[%clk 0:37:47]} Re8
{[%clk 0:29:25]} 23. Bb3 {[%clk 0:36:50]} Rxe5 {[%clk 0:25:29]} 24. Rac1
{[%clk 0:25:50]} Re8 {[%clk 0:17:35]} 25. Bxd5+ {[%clk 0:26:14]} Kh8
{[%clk 0:17:31]} 26. Rce1 {[%clk 0:11:34]} Rd8 {[%clk 0:16:07]} 27. Bc4
{[%clk 0:12:03]} h6 {[%clk 0:13:16]} 28. Re5 {[%clk 0:11:38]} Kh7
{[%clk 0:11:11]} 29. Rfe1 {[%clk 0:08:37]} Bb6 {[%clk 0:05:17]} 30. Rxa5
{[%clk 0:07:33]} Bxa5 31. Re5 {[%clk 0:07:57]} Bd2 {[%clk 0:04:13]} 32. a4
{[%clk 0:07:23]} Bf4 {[%clk 0:03:47]} 33. Rd5 {[%clk 0:04:18]} Rxd5
{[%clk 0:01:23]} 34. Bxd5 {[%clk 0:04:47]} Bd7 {[%clk 0:01:31]} 35. a5
{[%clk 0:04:50]} Bc7 {[%clk 0:01:41]} 36. a6 {[%clk 0:04:59]} Bb6
{[%clk 0:02:06]} 37. Bc4 {[%clk 0:05:26]} Kg6 {[%clk 0:01:42]} 38. Kf2
{[%clk 0:05:52]} Kf6 {[%clk 0:01:50]} 39. Ba3 {[%clk 0:05:51]} g5
{[%clk 0:01:42]} 40. Bd6 {[%clk 0:06:15]} Ba7 {[%clk 0:01:47]} 41. g3
{[%clk 0:06:30]} Be6 {[%clk 0:01:02]} 42. Ke2 {[%clk 0:04:35]} Bxc4
{[%clk 0:00:41]} 43. dxc4 {[%clk 0:05:04]} Ke6 {[%clk 0:01:02]} 44. c5
{[%clk 0:05:16]} Kd5 {[%clk 0:00:46]} 45. Bf8 {[%clk 0:04:53]} h5
{[%clk 0:00:49]} 46. Kf3 {[%clk 0:03:25]} Bb8 {[%clk 0:00:36]} 47. Be7
{[%clk 0:01:54]} g4+ {[%clk 0:00:38]} 48. Ke2 {[%clk 0:02:15]} Ba7
{[%clk 0:00:35]} 49. Kd3 {[%clk 0:02:29]} Bb8 {[%clk 0:00:39]} 50. Bf8
{[%clk 0:02:33]} Ba7 {[%clk 0:00:32]} 51. Bd6 {[%clk 0:02:59]} f4
{[%clk 0:00:39]} 52. gxf4 {[%clk 0:03:04]} h4 {[%clk 0:01:04]} 53. f5
{[%clk 0:03:29]} g3 {[%clk 0:00:38]} 54. hxg3 {[%clk 0:03:01]} hxg3
{[%clk 0:01:05]} 55. Bxg3 {[%clk 0:02:31]} Bxc5 {[%clk 0:01:09]} 56. Bc7
{[%clk 0:01:59]} Ba7 {[%clk 0:01:13]} 57. f6 {[%clk 0:02:04]} Ke6
{[%clk 0:01:36]} 58. Bd8 {[%clk 0:02:27]} Kf7 {[%clk 0:00:32]} 59. Kc4
{[%clk 0:02:44]} Ke6 {[%clk 0:00:44]} 60. Be7 {[%clk 0:02:25]} Kf7
{[%clk 0:00:42]} 61. Kb5 {[%clk 0:00:37]} d3 {[%clk 0:01:02]} 62. Bb4
{[%clk 0:00:54]} Kxf6 {[%clk 0:01:16]} 63. Kc4 {[%clk 0:01:16]} Ke6
{[%clk 0:01:33]} 1/2-1/2

[Event "EYCC 2024 - G16"]
[Site "?"]
[Date "2024.08.25"]
[Round "4.2"]
[White "Hayrapetyan, Nvard"]
[Black "Natoli, Alessia"]
[Result "1-0"]
[BlackElo "1944"]
[WhiteElo "1748"]
[LiveChessVersion "1.4.8"]

1. d4 {[%clk 1:30:59]} Nf6 {[%clk 1:30:51]} 2. c4 {[%clk 1:31:25]} e6
{[%clk 1:31:08]} 3. Nf3 {[%clk 1:31:51]} Bb4+ {[%clk 1:31:13]} 4. Nbd2
{[%clk 1:32:04]} O-O {[%clk 1:29:28]} 5. a3 {[%clk 1:30:27]} Be7 {[%clk 1:26:31]}
6. e4 {[%clk 1:29:56]} d5 {[%clk 1:23:29]} 7. e5 {[%clk 1:28:36]} Ne4
{[%clk 1:22:15]} 8. Bd3 {[%clk 1:26:57]} Nxd2 {[%clk 1:17:31]} 9. Bxd2
{[%clk 1:25:06]} dxc4 {[%clk 1:16:11]} 10. Bxc4 {[%clk 1:22:43]} c5
{[%clk 1:13:58]} 11. Be3 {[%clk 1:15:33]} cxd4 {[%clk 1:11:14]} 12. Qxd4
{[%clk 1:12:52]} Nc6 {[%clk 1:06:48]} 13. Qc3 {[%clk 1:09:58]} Qc7
{[%clk 1:00:17]} 14. O-O {[%clk 1:07:10]} Na5 {[%clk 0:56:01]} 15. Rfc1
{[%clk 1:01:11]} Bd7 {[%clk 0:50:12]} 16. Bd3 {[%clk 0:56:06]} Qxc3
{[%clk 0:47:12]} 17. Rxc3 {[%clk 0:56:33]} Bc6 {[%clk 0:44:11]} 18. b4 Bxf3
{[%clk 0:40:56]} 19. gxf3 {[%clk 0:45:02]} Nc6 {[%clk 0:41:07]} 20. f4
{[%clk 0:45:20]} f5 {[%clk 0:38:37]} 21. Bb5 {[%clk 0:44:42]} a5 {[%clk 0:33:00]}
22. bxa5 {[%clk 0:41:06]} Rxa5 {[%clk 0:31:09]} 23. a4 {[%clk 0:35:22]} Kf7
{[%clk 0:26:55]} 24. Bb6 {[%clk 0:31:19]} Raa8 {[%clk 0:24:48]} 25. Rd1
{[%clk 0:31:33]} Nb4 {[%clk 0:22:25]} 26. Rc7 {[%clk 0:28:52]} Rfc8
{[%clk 0:18:22]} 27. Rdd7 {[%clk 0:20:34]} Nd5 {[%clk 0:09:06]} 28. Rxb7
{[%clk 0:20:36]} Rc1+ {[%clk 0:09:18]} 29. Kg2 {[%clk 0:20:23]} Nxf4+
{[%clk 0:08:26]} 30. Kf3 {[%clk 0:19:48]} Rc3+ {[%clk 0:06:54]} 31. Be3
{[%clk 0:19:49]} Nd5 {[%clk 0:06:07]} 32. Ke2 {[%clk 0:19:30]} Kf8
{[%clk 0:04:33]} 33. Bd2 {[%clk 0:18:28]} Rc2 {[%clk 0:03:34]} 34. Kd1
{[%clk 0:17:35]} Rcc8 {[%clk 0:03:04]} 35. a5 {[%clk 0:15:57]} Rd8
{[%clk 0:02:19]} 36. Ke2 {[%clk 0:14:58]} Rxd7 {[%clk 0:02:10]} 37. Bxd7
{[%clk 0:15:22]} Kf7 {[%clk 0:01:42]} 38. Bc6 {[%clk 0:15:40]} Kf8
{[%clk 0:01:26]} 39. Rxe7 {[%clk 0:15:39]} Rc8 {[%clk 0:01:21]} 40. Rxe6
{[%clk 0:16:02]} Ne7 {[%clk 0:00:39]} 41. Bb4 {[%clk 0:16:22]} 1-0

[Event "EYCC 2024 - G16"]
[Site "?"]
[Date "2024.08.25"]
[Round "4.3"]
[White "Vermeulen, Hailey"]
[Black "Dobsa, Emma"]
[Result "1/2-1/2"]
[BlackElo "1937"]
[WhiteElo "1731"]
[LiveChessVersion "1.4.8"]

1. e4 {[%clk 1:30:55]} e5 {[%clk 1:30:57]} 2. Nf3 {[%clk 1:31:13]} Nc6
{[%clk 1:31:26]} 3. Bc4 {[%clk 1:31:28]} Bc5 {[%clk 1:31:44]} 4. c3
{[%clk 1:31:48]} Nf6 {[%clk 1:32:10]} 5. d3 {[%clk 1:32:07]} O-O {[%clk 1:32:26]}
6. O-O {[%clk 1:32:21]} d5 {[%clk 1:32:49]} 7. exd5 {[%clk 1:30:11]} Nxd5
{[%clk 1:33:18]} 8. Bb3 {[%clk 1:27:08]} Bg4 {[%clk 1:27:29]} 9. Nbd2
{[%clk 1:22:58]} Re8 {[%clk 1:19:56]} 10. Ne4 {[%clk 1:20:09]} Be7
{[%clk 1:19:40]} 11. h3 {[%clk 1:19:05]} Bh5 {[%clk 1:17:20]} 12. Ng3
{[%clk 1:18:03]} Bg6 {[%clk 1:14:44]} 13. Re1 {[%clk 1:15:35]} Bf8
{[%clk 0:52:11]} 14. d4 {[%clk 1:12:13]} e4 {[%clk 0:47:36]} 15. Nd2
{[%clk 1:09:06]} f5 {[%clk 0:44:17]} 16. f3 {[%clk 1:02:11]} exf3
{[%clk 0:28:55]} 17. Nxf3 {[%clk 1:02:23]} Rxe1+ {[%clk 0:23:21]} 18. Qxe1
{[%clk 1:02:42]} Qd7 {[%clk 0:22:36]} 19. Ne5 {[%clk 1:00:37]} Nxe5
{[%clk 0:20:48]} 20. Qxe5 {[%clk 1:00:48]} c6 {[%clk 0:20:14]} 21. Qe2
{[%clk 0:57:10]} Re8 {[%clk 0:18:12]} 22. Qf2 {[%clk 0:55:08]} Kh8
{[%clk 0:17:40]} 23. Bc2 {[%clk 0:54:42]} Bd6 {[%clk 0:14:58]} 24. Bd2
{[%clk 0:50:07]} f4 {[%clk 0:13:02]} 25. Bxg6 {[%clk 0:41:32]} fxg3
{[%clk 0:12:46]} 26. Qf7 {[%clk 0:41:23]} Qxf7 {[%clk 0:12:51]} 27. Bxf7
{[%clk 0:41:44]} Re2 {[%clk 0:12:50]} 28. Re1 {[%clk 0:40:48]} Rxe1+
{[%clk 0:13:16]} 29. Bxe1 {[%clk 0:41:10]} Nf4 {[%clk 0:10:30]} 30. Bd2
{[%clk 0:38:14]} Nd3 {[%clk 0:09:42]} 31. b3 {[%clk 0:37:33]} g6 {[%clk 0:09:32]}
32. Bc4 {[%clk 0:36:04]} Nf2 {[%clk 0:08:03]} 33. Kf1 {[%clk 0:32:34]} Kg7
{[%clk 0:07:53]} 34. Ke2 {[%clk 0:31:18]} Kf6 {[%clk 0:07:09]} 35. Kf3
{[%clk 0:30:50]} h5 {[%clk 0:06:09]} 36. Be3 {[%clk 0:28:34]} Nd1
{[%clk 0:05:55]} 37. Bd2 {[%clk 0:28:47]} g5 {[%clk 0:05:42]} 38. Be2
{[%clk 0:26:31]} Nf2 {[%clk 0:05:10]} 39. Be1 {[%clk 0:25:15]} Nh1
{[%clk 0:04:54]} 40. Ke4 {[%clk 0:24:16]} Nf2+ {[%clk 0:04:27]} 41. Bxf2
{[%clk 0:24:03]} gxf2 {[%clk 0:04:51]} 42. Kf3 {[%clk 0:24:19]} Ba3
{[%clk 0:04:53]} 43. c4 {[%clk 0:24:15]} Bb2 {[%clk 0:05:03]} 44. d5
{[%clk 0:24:35]} cxd5 {[%clk 0:03:11]} 45. cxd5 {[%clk 0:24:55]} Bd4
{[%clk 0:03:24]} 46. Ke4 {[%clk 0:24:14]} Bc5 {[%clk 0:03:41]} 47. Bc4
{[%clk 0:24:00]} a6 {[%clk 0:02:38]} 48. a4 {[%clk 0:24:22]} a5 {[%clk 0:02:36]}
49. Bb5 {[%clk 0:24:16]} Bd6 {[%clk 0:01:46]} 50. Kf3 {[%clk 0:24:04]} Bc5
{[%clk 0:01:54]} 1/2-1/2

[Event "EYCC 2024 - G16"]
[Site "?"]
[Date "2024.08.25"]
[Round "4.4"]
[White "Karacsonyi, Luca"]
[Black "Zapalowska, Wiktoria"]
[Result "0-1"]
[BlackElo "1733"]
[WhiteElo "1914"]
[LiveChessVersion "1.4.8"]

1. e4 {[%clk 1:30:56]} c5 {[%clk 1:30:53]} 2. Nf3 {[%clk 1:31:22]} Nc6
{[%clk 1:31:14]} 3. d4 {[%clk 1:31:44]} cxd4 {[%clk 1:31:37]} 4. Nxd4
{[%clk 1:32:07]} g6 {[%clk 1:31:58]} 5. c4 {[%clk 1:30:40]} Bg7 {[%clk 1:31:36]}
6. Be3 {[%clk 1:29:31]} Qb6 {[%clk 1:29:57]} 7. Nxc6 {[%clk 1:23:19]} Qxc6
{[%clk 1:30:07]} 8. Qc2 {[%clk 1:21:15]} Nf6 {[%clk 1:25:50]} 9. Nc3
{[%clk 1:04:59]} Ng4 {[%clk 1:11:17]} 10. Bf4 {[%clk 1:00:04]} Bxc3+
{[%clk 1:06:16]} 11. bxc3 {[%clk 0:59:07]} d6 {[%clk 1:04:49]} 12. Bd3
{[%clk 0:47:51]} Be6 {[%clk 0:57:50]} 13. Qb3 {[%clk 0:37:05]} O-O
{[%clk 0:54:37]} 14. Rb1 {[%clk 0:28:35]} b6 {[%clk 0:51:04]} 15. f3
{[%clk 0:21:10]} Ne5 {[%clk 0:50:29]} 16. Bxe5 {[%clk 0:21:02]} dxe5
{[%clk 0:50:57]} 17. Qb5 {[%clk 0:18:21]} Qc7 {[%clk 0:48:56]} 18. O-O
{[%clk 0:14:22]} Rac8 {[%clk 0:47:50]} 19. Kh1 {[%clk 0:11:32]} Rfd8
{[%clk 0:44:45]} 20. Be2 {[%clk 0:08:07]} Rd2 {[%clk 0:43:16]} 21. Rfe1
{[%clk 0:07:14]} Rxe2 {[%clk 0:43:05]} 22. Rxe2 {[%clk 0:07:28]} Bxc4
{[%clk 0:43:30]} 23. Qb2 {[%clk 0:07:42]} Bxe2 {[%clk 0:43:54]} 24. Qxe2
{[%clk 0:08:08]} Qxc3 {[%clk 0:44:14]} 25. Rg1 {[%clk 0:03:43]} Rc4
{[%clk 0:41:06]} 26. Qd1 {[%clk 0:03:21]} Rd4 {[%clk 0:41:16]} 27. Qb1
{[%clk 0:03:34]} Rd2 {[%clk 0:38:49]} 28. Qb5 {[%clk 0:03:07]} Rxa2
{[%clk 0:38:50]} 29. Qe8+ {[%clk 0:02:33]} Kg7 {[%clk 0:39:19]} 30. Qxe7
{[%clk 0:02:53]} Ra1 {[%clk 0:39:38]} 0-1

[Event "EYCC 2024 - G16"]
[Site "?"]
[Date "2024.08.25"]
[Round "4.5"]
[White "Novomeska, Karin"]
[Black "Westerhof, Fleur"]
[Result "1/2-1/2"]
[BlackElo "1986"]
[WhiteElo "1815"]
[LiveChessVersion "1.4.8"]

1. d4 {[%clk 1:30:55]} d5 {[%clk 1:30:54]} 2. c4 {[%clk 1:31:17]} e6
{[%clk 1:31:15]} 3. Nf3 {[%clk 1:31:41]} Nf6 {[%clk 1:31:12]} 4. g3
{[%clk 1:31:57]} Be7 {[%clk 1:31:28]} 5. Bg2 {[%clk 1:32:11]} O-O
{[%clk 1:31:49]} 6. O-O {[%clk 1:32:33]} dxc4 {[%clk 1:32:11]} 7. Ne5
{[%clk 1:27:12]} Nc6 {[%clk 1:32:31]} 8. Bxc6 {[%clk 1:25:41]} bxc6
{[%clk 1:32:54]} 9. Nxc6 {[%clk 1:25:58]} Qe8 {[%clk 1:33:17]} 10. Nxe7+
{[%clk 1:25:07]} Qxe7 {[%clk 1:33:34]} 11. Qa4 {[%clk 1:21:27]} c5
{[%clk 1:33:27]} 12. Qxc4 {[%clk 1:04:37]} cxd4 {[%clk 1:33:39]} 13. Qxd4
{[%clk 1:00:46]} e5 {[%clk 1:32:56]} 14. Qh4 {[%clk 0:53:17]} Rb8
{[%clk 1:31:14]} 15. Nc3 {[%clk 0:39:42]} h6 {[%clk 1:22:30]} 16. Ne4
{[%clk 0:24:19]} Nd5 {[%clk 1:13:33]} 17. Qxe7 {[%clk 0:24:42]} Nxe7
{[%clk 1:13:47]} 18. b3 {[%clk 0:24:50]} Rd8 {[%clk 1:11:06]} 19. Ba3
{[%clk 0:24:29]} Nf5 {[%clk 1:07:55]} 20. Bc5 {[%clk 0:09:36]} Bb7
{[%clk 0:59:49]} 21. Bxa7 {[%clk 0:08:14]} Bxe4 {[%clk 1:00:12]} 22. Bxb8
{[%clk 0:08:35]} Rxb8 {[%clk 1:00:31]} 23. f3 {[%clk 0:08:47]} Bc6
{[%clk 0:58:43]} 24. Kf2 {[%clk 0:08:09]} e4 {[%clk 0:57:11]} 25. fxe4
{[%clk 0:07:23]} Bxe4 {[%clk 0:56:28]} 26. Rac1 {[%clk 0:07:05]} Ra8
{[%clk 0:54:24]} 27. a4 {[%clk 0:07:19]} Rb8 {[%clk 0:43:45]} 28. Rc3
{[%clk 0:07:40]} Bd5 {[%clk 0:43:03]} 29. Rb1 {[%clk 0:03:53]} Rb4
{[%clk 0:41:35]} 30. Rc5 {[%clk 0:04:22]} Be6 {[%clk 0:41:46]} 31. Rb5
{[%clk 0:04:31]} Re4 {[%clk 0:36:26]} 32. Rb8+ {[%clk 0:04:25]} Kh7
{[%clk 0:36:48]} 33. a5 {[%clk 0:03:18]} Nd4 {[%clk 0:36:43]} 34. e3
{[%clk 0:03:32]} Nxb3 {[%clk 0:36:23]} 35. R1xb3 {[%clk 0:02:46]} Bxb3
{[%clk 0:36:46]} 36. Rxb3 {[%clk 0:03:07]} Ra4 {[%clk 0:37:10]} 37. Rb5
{[%clk 0:03:20]} Ra2+ {[%clk 0:37:05]} 38. Kf3 {[%clk 0:02:14]} Ra4
{[%clk 0:36:41]} 39. h4 {[%clk 0:02:13]} Kg6 {[%clk 0:34:15]} 40. e4
{[%clk 0:02:29]} Kf6 {[%clk 0:32:01]} 41. Kf4 {[%clk 0:02:50]} Ke6
{[%clk 0:30:24]} 42. Rd5 {[%clk 0:00:56]} g6 {[%clk 0:29:25]} 43. Rb5
{[%clk 0:01:05]} Kd6 {[%clk 0:26:52]} 44. Rb6+ {[%clk 0:00:48]} Ke7
{[%clk 0:24:06]} 45. a6 {[%clk 0:01:01]} Ra5 {[%clk 0:23:38]} 46. Rc6
{[%clk 0:01:01]} 1/2-1/2

[Event "EYCC 2024 - G16"]
[Site "?"]
[Date "2024.08.25"]
[Round "4.6"]
[White "Bruntse, Kathrine Lindegaard"]
[Black "Nordahl, Christine"]
[Result "1-0"]
[BlackElo "1717"]
[WhiteElo "1945"]
[LiveChessVersion "1.4.8"]

1. d4 {[%clk 1:30:57]} Nf6 {[%clk 1:30:38]} 2. c4 {[%clk 1:31:21]} c5
{[%clk 1:30:21]} 3. d5 {[%clk 1:31:45]} e6 {[%clk 1:30:30]} 4. Nc3
{[%clk 1:32:10]} exd5 {[%clk 1:30:02]} 5. cxd5 {[%clk 1:32:32]} g6
{[%clk 1:29:48]} 6. d6 {[%clk 1:32:28]} Qb6 {[%clk 1:30:00]} 7. Nf3
{[%clk 1:32:38]} Bxd6 {[%clk 1:30:00]} 8. e4 {[%clk 1:32:18]} O-O
{[%clk 1:26:40]} 9. Bc4 {[%clk 1:31:39]} a6 {[%clk 1:14:49]} 10. O-O
{[%clk 1:23:21]} Qc7 {[%clk 1:13:44]} 11. Bh6 {[%clk 1:16:03]} Re8
{[%clk 1:11:49]} 12. Nd5 {[%clk 1:11:01]} Nxd5 {[%clk 1:03:16]} 13. Qxd5
{[%clk 1:09:28]} Re7 {[%clk 1:02:14]} 14. Bg5 {[%clk 0:51:42]} Re6
{[%clk 0:59:22]} 15. Qd3 {[%clk 0:50:45]} Re8 {[%clk 0:56:21]} 16. Qb3
{[%clk 0:41:48]} Rf8 {[%clk 0:39:17]} 17. Bh6 {[%clk 0:41:02]} b5
{[%clk 0:36:51]} 18. Qc3 {[%clk 0:33:10]} Be5 {[%clk 0:34:29]} 19. Nxe5
{[%clk 0:32:33]} b4 {[%clk 0:32:26]} 20. Qg3 {[%clk 0:32:20]} d6 {[%clk 0:31:56]}
21. Bxf8 {[%clk 0:32:28]} dxe5 {[%clk 0:27:49]} 22. Bh6 {[%clk 0:32:40]} Bb7
{[%clk 0:28:01]} 23. Qf3 {[%clk 0:31:04]} Qe7 {[%clk 0:27:06]} 24. Rfd1 Nc6
{[%clk 0:27:11]} 25. Rd7 {[%clk 0:28:10]} 1-0

[Event "EYCC 2024 - G16"]
[Site "?"]
[Date "2024.08.25"]
[Round "4.7"]
[White "Vujatovic, Irina"]
[Black "Zgoda, Aleksandra"]
[Result "1/2-1/2"]
[BlackElo "1688"]
[WhiteElo "1913"]
[LiveChessVersion "1.4.8"]

1. e4 {[%clk 1:30:55]} e6 {[%clk 1:30:51]} 2. Qe2 {[%clk 1:31:21]} b6
{[%clk 1:30:22]} 3. Nf3 {[%clk 1:31:40]} Bb7 {[%clk 1:29:44]} 4. g3
{[%clk 1:32:00]} d5 {[%clk 1:28:32]} 5. exd5 {[%clk 1:31:44]} Bxd5
{[%clk 1:27:47]} 6. Bg2 {[%clk 1:31:51]} Nf6 {[%clk 1:27:07]} 7. O-O
{[%clk 1:32:08]} Bd6 {[%clk 1:22:08]} 8. c4 {[%clk 1:26:13]} Bb7 {[%clk 1:20:42]}
9. d4 {[%clk 1:25:48]} O-O {[%clk 1:19:51]} 10. Rd1 {[%clk 1:25:56]} Nbd7
{[%clk 1:13:17]} 11. Nc3 {[%clk 1:22:33]} Qe7 {[%clk 1:05:53]} 12. Ne5
{[%clk 1:20:47]} Bxg2 {[%clk 1:03:55]} 13. Kxg2 {[%clk 1:21:09]} Bxe5
{[%clk 0:52:16]} 14. dxe5 {[%clk 1:20:59]} Ne8 {[%clk 0:52:18]} 15. Bf4
{[%clk 1:13:48]} a5 {[%clk 0:48:58]} 16. Qe4 {[%clk 1:13:21]} Rc8
{[%clk 0:46:56]} 17. Qc6 {[%clk 1:11:21]} Nc5 {[%clk 0:43:53]} 18. a3
{[%clk 1:09:02]} Rd8 {[%clk 0:41:28]} 19. Qf3 {[%clk 1:07:09]} f6
{[%clk 0:38:52]} 20. Rxd8 {[%clk 1:01:43]} Qxd8 {[%clk 0:39:13]} 21. Rd1
{[%clk 1:02:00]} Qe7 {[%clk 0:38:31]} 22. exf6 {[%clk 1:00:58]} Nxf6
{[%clk 0:32:51]} 23. Re1 {[%clk 0:59:43]} Qf7 {[%clk 0:28:16]} 24. b4
{[%clk 0:58:59]} axb4 {[%clk 0:28:39]} 25. axb4 Na6 {[%clk 0:28:41]} 26. b5
{[%clk 0:58:13]} Nc5 {[%clk 0:29:02]} 27. Be5 {[%clk 0:56:52]} Qe7
{[%clk 0:25:41]} 28. Bxf6 {[%clk 0:56:18]} Qxf6 {[%clk 0:25:43]} 29. Qxf6
{[%clk 0:56:21]} gxf6 {[%clk 0:25:33]} 30. Rd1 {[%clk 0:56:03]} Kf7
{[%clk 0:24:47]} 31. Rd4 {[%clk 0:54:36]} Ra8 {[%clk 0:24:22]} 32. Rh4
{[%clk 0:53:20]} Kg6 {[%clk 0:23:55]} 33. Rd4 {[%clk 0:46:36]} Ra3
{[%clk 0:18:32]} 34. Nd1 {[%clk 0:45:35]} Rd3 {[%clk 0:18:09]} 35. Rxd3
{[%clk 0:45:50]} Nxd3 {[%clk 0:18:37]} 36. Ne3 {[%clk 0:44:57]} f5
{[%clk 0:17:27]} 37. f4 {[%clk 0:43:22]} Kf6 {[%clk 0:17:23]} 38. Kf3
{[%clk 0:42:37]} h5 {[%clk 0:15:14]} 39. Nc2 {[%clk 0:40:40]} Nb2
{[%clk 0:13:47]} 40. Ne3 {[%clk 0:40:51]} Ke7 {[%clk 0:13:30]} 41. Ke2
{[%clk 0:40:42]} Kd6 {[%clk 0:12:39]} 42. Kd2 {[%clk 0:40:46]} Na4
{[%clk 0:11:39]} 43. Nd1 {[%clk 0:38:14]} Nc5 {[%clk 0:10:51]} 44. Nf2
{[%clk 0:36:50]} Nd7 {[%clk 0:07:01]} 45. Nd3 {[%clk 0:36:16]} Nf6
{[%clk 0:06:43]} 46. Kc3 {[%clk 0:35:55]} Ng4 {[%clk 0:05:39]} 47. h3
{[%clk 0:35:58]} Nf6 {[%clk 0:06:00]} 48. Nf2 {[%clk 0:35:11]} c6
{[%clk 0:06:03]} 49. bxc6 {[%clk 0:35:23]} Kxc6 {[%clk 0:06:30]} 50. Kd4
{[%clk 0:35:29]} Kd6 {[%clk 0:06:32]} 51. h4 {[%clk 0:35:27]} Nd7
{[%clk 0:05:52]} 52. Nd1 {[%clk 0:31:59]} Nc5 {[%clk 0:05:59]} 53. Nc3
{[%clk 0:32:18]} Nb3+ {[%clk 0:05:20]} 54. Kd3 {[%clk 0:31:41]} Nc5+
{[%clk 0:05:45]} 55. Ke3 {[%clk 0:31:41]} Nd7 {[%clk 0:05:27]} 56. Na4
{[%clk 0:30:39]} Kc6 {[%clk 0:04:21]} 57. Kd4 {[%clk 0:30:20]} b5
{[%clk 0:04:18]} 58. cxb5+ {[%clk 0:30:15]} Kxb5 {[%clk 0:04:45]} 59. Nb2
{[%clk 0:29:42]} Kc6 {[%clk 0:05:11]} 60. Nc4 {[%clk 0:29:54]} Kc7
{[%clk 0:03:11]} 61. Ke3 {[%clk 0:20:47]} Kc6 {[%clk 0:01:54]} 62. Kf3
{[%clk 0:20:30]} Kd5 {[%clk 0:01:41]} 63. Na3 {[%clk 0:17:25]} Nf6
{[%clk 0:01:17]} 64. Nb5 {[%clk 0:17:06]} Kc6 {[%clk 0:00:38]} 65. Nd4+
{[%clk 0:17:12]} Kd5 {[%clk 0:01:04]} 66. Ne2 {[%clk 0:17:15]} Ng4
{[%clk 0:01:03]} 67. Nc3+ {[%clk 0:16:07]} Kc6 {[%clk 0:00:53]} 68. Na4
{[%clk 0:15:47]} Kb5 {[%clk 0:01:05]} 69. Nb2 {[%clk 0:16:09]} Kc5
{[%clk 0:01:10]} 70. Nd3+ {[%clk 0:16:19]} Kd4 {[%clk 0:01:02]} 71. Nb4
{[%clk 0:16:27]} Kc5 {[%clk 0:01:13]} 72. Nc2 {[%clk 0:16:12]} Kd5
{[%clk 0:01:19]} 73. Nb4+ {[%clk 0:14:37]} Kc5 {[%clk 0:01:39]} 74. Nc2
{[%clk 0:14:57]} Kd5 {[%clk 0:01:54]} 1/2-1/2

[Event "EYCC 2024 - G16"]
[Site "?"]
[Date "2024.08.25"]
[Round "4.8"]
[White "Vukovic, Sara"]
[Black "Ingel, Mica Bar"]
[Result "0-1"]
[BlackElo "1911"]
[WhiteElo "1676"]
[LiveChessVersion "1.4.8"]

1. e4 {[%clk 1:30:57]} e5 {[%clk 1:30:56]} 2. Nf3 {[%clk 1:31:22]} Nc6
{[%clk 1:31:23]} 3. Bc4 {[%clk 1:31:48]} Nf6 {[%clk 1:31:48]} 4. d3
{[%clk 1:32:13]} Bc5 {[%clk 1:32:11]} 5. Nbd2 {[%clk 1:32:33]} d6
{[%clk 1:32:33]} 6. c3 {[%clk 1:32:51]} O-O {[%clk 1:31:42]} 7. O-O
{[%clk 1:33:15]} Be6 {[%clk 1:31:25]} 8. Bb5 {[%clk 1:33:31]} a6 {[%clk 1:21:30]}
9. Ba4 {[%clk 1:33:06]} b5 {[%clk 1:20:01]} 10. b4 {[%clk 1:29:48]} Bb6
{[%clk 1:15:38]} 11. Bb3 {[%clk 1:29:30]} d5 {[%clk 1:12:46]} 12. a3
{[%clk 1:24:21]} dxe4 {[%clk 1:11:26]} 13. Nxe4 {[%clk 1:23:28]} Bxb3
{[%clk 1:06:29]} 14. Nxf6+ {[%clk 1:23:46]} gxf6 {[%clk 1:02:43]} 15. Qxb3
{[%clk 1:24:06]} Qxd3 {[%clk 1:02:53]} 16. Bh6 {[%clk 1:24:19]} Rfd8
{[%clk 1:01:38]} 17. Rad1 {[%clk 1:22:05]} Qe2 {[%clk 1:00:15]} 18. Rd5
{[%clk 1:21:28]} Rxd5 {[%clk 0:59:11]} 19. Qxd5 {[%clk 1:21:54]} Rd8
{[%clk 0:59:37]} 20. Qxc6 {[%clk 1:21:47]} Bxf2+ {[%clk 0:59:59]} 0-1

[Event "EYCC 2024 - G16"]
[Site "?"]
[Date "2024.08.25"]
[Round "4.9"]
[White "Rusu, Anastasia"]
[Black "Mykhailets, Polina"]
[Result "0-1"]
[BlackElo "1907"]
[WhiteElo "1695"]
[LiveChessVersion "1.4.8"]

1. e4 {[%clk 1:30:57]} e6 {[%clk 1:30:54]} 2. d4 {[%clk 1:31:22]} d5
{[%clk 1:31:20]} 3. Nc3 {[%clk 1:31:48]} dxe4 {[%clk 1:31:29]} 4. Nxe4
{[%clk 1:32:09]} Nd7 {[%clk 1:31:43]} 5. Nf3 {[%clk 1:31:54]} Ngf6
{[%clk 1:32:07]} 6. Nxf6+ {[%clk 1:31:45]} Nxf6 {[%clk 1:32:31]} 7. Be2
{[%clk 1:31:34]} c5 {[%clk 1:31:41]} 8. O-O {[%clk 1:24:12]} Qc7 {[%clk 1:30:24]}
9. b3 {[%clk 1:20:44]} cxd4 {[%clk 1:25:31]} 10. Nxd4 {[%clk 1:20:13]} a6
{[%clk 1:24:11]} 11. Bb2 {[%clk 1:18:41]} Bd6 {[%clk 1:19:44]} 12. h3
{[%clk 1:15:36]} O-O {[%clk 1:16:42]} 13. c4 {[%clk 1:01:56]} e5 {[%clk 1:11:33]}
14. Nf3 {[%clk 1:00:37]} b6 {[%clk 1:04:18]} 15. Nh2 {[%clk 0:57:48]} Bb7
{[%clk 0:59:47]} 16. Ng4 {[%clk 0:56:59]} Nxg4 {[%clk 0:50:54]} 17. Bxg4
{[%clk 0:56:40]} f5 {[%clk 0:50:53]} 18. Bf3 {[%clk 0:53:24]} e4 {[%clk 0:50:00]}
19. Be2 {[%clk 0:53:43]} Rad8 {[%clk 0:47:30]} 20. Qc2 {[%clk 0:50:50]} Qe7
{[%clk 0:34:10]} 21. Rfe1 {[%clk 0:33:26]} Qg5 {[%clk 0:26:53]} 22. Bf1
{[%clk 0:29:17]} f4 {[%clk 0:15:09]} 23. Qe2 {[%clk 0:07:58]} Bc5
{[%clk 0:08:45]} 24. Bc1 {[%clk 0:04:39]} e3 {[%clk 0:05:49]} 25. fxe3
{[%clk 0:04:40]} f3 {[%clk 0:06:02]} 0-1